000 00605cam a22002411 4500
001 sa 68000529
003 DLC
005 20260227112424.0
008 890503s1967 ii b 000 0 maro
010 _asa 68000529
035 _a(OCoLC)19652053
040 _aDLC
_cWaU
_dDLC
042 _apremarc
043 _aa-ii---
050 0 0 _aPK2411
_b.K33
100 1 _aKanade, M. S.
245 1 0 _aKālace nāṭakakāra.
260 _c[1967]
300 _a2, 20, 217, [1], 6 p.
_c22 cm.
500 _aIn Marathi.
504 _aBibliography: p.[218]
650 0 _aMarathi drama
_xHistory and criticism.
999 _c77273
_d77273